[Event "3. Wittelsbacher Weihnachts-Schach-Open"]
[Site "Kelheim"]
[Date "2014.12.27"]
[Round "2.29"]
[White "Stadler, Andreas"]
[Black "Schindler, Tobias"]
[Result "1-0"]
[WhiteElo "1955"]
[BlackElo "1721"]
[PlyCount "105"]
[EventDate "2014.??.??"]
[WhiteTeam "SK München Südost"]
[BlackTeam "SK Kelheim"]

1. e4 c6 2. d4 d5 3. exd5 cxd5 4. Bd3 Nc6 5. c3 Nf6 6. Bf4 a6 7. Nf3 Bg4 8.
Nbd2 e6 9. O-O Bd6 10. Bg3 O-O 11. Qc2 Qc7 12. Rfe1 Rfc8 13. Qb1 b5 14. Bh4 Be7
15. Ne5 g6 16. Bxf6 Bxf6 17. Nxg4 Bg7 18. a3 Rab8 19. Nf3 a5 20. Qc1 Qa7 21.
Qg5 Qe7 22. Qe3 b4 23. axb4 axb4 24. Rec1 bxc3 25. Rxc3 Na5 26. Rac1 Rxc3 27.
bxc3 Rc8 28. Bf1 Nb7 29. Nge5 Nd6 30. Nd2 Nf5 31. Qe1 Qa3 32. Nb1 Qd6 33. Rd1
Qc7 34. Bd3 Nd6 35. Rd2 Ra8 36. Rb2 Ra1 37. Rb3 Bf6 38. Ra3 Rxa3 39. Nxa3 Qa5
40. Nc2 Bg5 41. g3 Qa7 42. Qb1 Bd2 43. Qb4 Qc7 44. Qc5 Qd8 45. Nb4 Nb7 46. Qb5
Nd6 47. Qc6 Kg7 48. Nc2 Ne8 49. c4 dxc4 50. Bxc4 Nf6 51. Qb7 Qe8 52. Na3 Ne4
53. Qxe4 1-0

[Event "3. Wittelsbacher Weihnachts-Schach-Open"]
[Site "Kelheim"]
[Date "2014.12.27"]
[Round "2.30"]
[White "Koellner, Ulrich"]
[Black "Seifert, Werner"]
[Result "1/2-1/2"]
[WhiteElo "1890"]
[BlackElo "1997"]
[PlyCount "85"]
[EventDate "2014.??.??"]
[WhiteTeam "SV Hofheim"]
[BlackTeam "SV WB Allianz München"]

1. d4 Nf6 2. c4 g6 3. Nc3 Bg7 4. e4 d6 5. f3 O-O 6. Bg5 c5 7. d5 e6 8. Qd2 exd5
9. cxd5 a6 10. a4 Qa5 11. Nb1 Qc7 12. Bd3 Re8 13. Ne2 Nbd7 14. Na3 Rb8 15. O-O
Ne5 16. Rfc1 Nxd3 17. Qxd3 Nd7 18. Nc3 Ne5 19. Qe2 Bd7 20. Rab1 f5 21. h3 fxe4
22. fxe4 h6 23. Be3 Qa5 24. Bd2 Qd8 25. b4 c4 26. Nxc4 Nxc4 27. Qxc4 Rc8 28.
Qd3 Qf6 29. b5 Rc5 30. Ne2 Rxc1+ 31. Rxc1 Rc8 32. bxa6 Rxc1+ 33. Bxc1 bxa6 34.
Qxa6 Qe5 35. Qc4 Qa1 36. Kh2 Qxa4 37. Qxa4 Bxa4 38. Kg3 Kf7 39. Be3 Bc2 40. Kf3
Bd1 41. Kf2 Bc2 42. Kf3 Bd1 43. Kf2 1/2-1/2

[Event "3. Wittelsbacher Weihnachts-Schach-Open"]
[Site "Kelheim"]
[Date "2014.12.27"]
[Round "2.31"]
[White "Goderbauer, Josef"]
[Black "Oestreicher, Hans-Ulrich"]
[Result "0-1"]
[WhiteElo "1735"]
[BlackElo "1987"]
[PlyCount "73"]
[EventDate "2014.??.??"]
[WhiteTeam "SC Moosburg"]
[BlackTeam "SK Markdorf"]

1. e4 c6 2. f4 d5 3. Nf3 Bg4 4. h3 Bxf3 5. Qxf3 dxe4 6. Qxe4 Nf6 7. Qf3 e6 8.
Bc4 Bc5 9. c3 O-O 10. d4 Bd6 11. Nd2 Qc7 12. O-O Nbd7 13. f5 e5 14. g4 Rfe8 15.
g5 e4 16. Qg2 Nh5 17. Nxe4 Rxe4 18. g6 Ndf6 19. gxf7+ Kf8 20. Bg5 Bf4 21. Bxf4
Rxf4 22. Rfe1 Rxf5 23. Re3 Nd5 24. Bxd5 cxd5 25. Rae1 Qxf7 26. Qh2 Rd8 27. Re5
Qg6+ 28. Qg2 Qxg2+ 29. Kxg2 Rxe5 30. Rxe5 Nf6 31. Kf1 Re8 32. Rf5 Re3 33. h4
Ke7 34. Rg5 g6 35. h5 Nxh5 36. Rxd5 Rf3+ 37. Ke1 0-1

[Event "3. Wittelsbacher Weihnachts-Schach-Open"]
[Site "Kelheim"]
[Date "2014.12.27"]
[Round "2.32"]
[White "Simon, Jonathan"]
[Black "Li, Simon"]
[Result "1-0"]
[WhiteElo "1941"]
[BlackElo "1815"]
[PlyCount "61"]
[EventDate "2014.??.??"]
[WhiteTeam "SK Mömbris"]
[BlackTeam "SK Schweinfurt"]

1. d4 Nf6 2. Nf3 c5 3. d5 g6 4. c4 b5 5. cxb5 a6 6. Qc2 d6 7. e4 Nbd7 8. Nc3
Bg7 9. Be2 O-O 10. O-O axb5 11. Nxb5 Ba6 12. a4 Qb6 13. Bg5 Rfb8 14. Nd2 Qb7
15. Ra3 Nb6 16. Rb3 Qd7 17. Ra1 Ne8 18. a5 Nc8 19. Nc3 Nc7 20. Nc4 Nb5 21. Nxb5
Bxb5 22. a6 Na7 23. Ra5 Qc7 24. Raa3 Nc8 25. Bd2 Bxa6 26. Rxb8 Qxb8 27. Qa4 Kf8
28. Qd7 f6 29. Qd8+ Kf7 30. Bg4 Bf8 31. Bh6 1-0

[Event "3. Wittelsbacher Weihnachts-Schach-Open"]
[Site "Kelheim"]
[Date "2014.12.27"]
[Round "2.33"]
[White "Wieczorek, Heinz"]
[Black "Altmann, Jens"]
[Result "0-1"]
[WhiteElo "1816"]
[BlackElo "2004"]
[PlyCount "96"]
[EventDate "2014.??.??"]
[WhiteTeam "SW Nürnberg Süd"]
[BlackTeam "SF Leipzig-Südost"]

1. e4 e5 2. Nf3 Nc6 3. Bb5 f5 4. d3 fxe4 5. dxe4 Nf6 6. O-O d6 7. Nc3 Bg4 8.
Bg5 Be7 9. Bxf6 Bxf6 10. Qd3 O-O 11. Bxc6 bxc6 12. Qc4+ Kh8 13. Nd2 Rb8 14.
Qxc6 Rxb2 15. Nd5 Bd7 16. Qc3 Rb7 17. Rfb1 Rxb1+ 18. Rxb1 Bg5 19. Nf3 c6 20.
Nb4 Qb6 21. Rd1 a5 22. Nd3 Bg4 23. Nde1 Be7 24. h3 Bh5 25. Qb3 Qb4 26. Qe3 c5
27. a3 Qa4 28. Rb1 Qc6 29. c4 h6 30. Nd2 Bg5 31. Qd3 Bxd2 32. Qxd2 Qxe4 33. Rb6
Rd8 34. Qxa5 Qxc4 35. Rc6 Qg8 36. Qc7 Qf8 37. a4 Bf7 38. a5 Bd5 39. Rb6 c4 40.
Nc2 Rc8 41. Qxd6 Qxd6 42. Rxd6 Be4 43. Nb4 c3 44. Na2 c2 45. Nc1 Rb8 46. f3 Rb1
47. Rd8+ Kh7 48. fxe4 Rxc1+ 0-1

[Event "3. Wittelsbacher Weihnachts-Schach-Open"]
[Site "Kelheim"]
[Date "2014.12.27"]
[Round "2.34"]
[White "Brack, Johannes"]
[Black "Pohl, Steffen"]
[Result "1/2-1/2"]
[WhiteElo "1999"]
[BlackElo "1789"]
[PlyCount "121"]
[EventDate "2014.??.??"]
[WhiteTeam "Regensb. Turnerschaft"]
[BlackTeam "SK Schwanstetten"]

1. d4 Nf6 2. c4 c5 3. Nf3 cxd4 4. Nxd4 e5 5. Nb5 d5 6. cxd5 Bc5 7. e3 O-O 8.
N5c3 e4 9. Bc4 Nbd7 10. a3 Ne5 11. Be2 Re8 12. b4 Bd6 13. Bb2 Bf5 14. Nd2 Rc8
15. Nf1 a5 16. Qb3 axb4 17. axb4 Qb6 18. b5 Ned7 19. Na4 Qa5+ 20. Nc3 Qb6 21.
Ng3 Bg6 22. O-O Nc5 23. Qd1 Be5 24. Rc1 Qd6 25. Ba3 Qd7 26. f4 exf3 27. Rxf3
Nfe4 28. Ncxe4 Nxe4 29. Nxe4 Bxe4 30. Rf1 Qxd5 31. Qxd5 Bxd5 32. Rxc8 Rxc8 33.
Rd1 Be6 34. Bf3 b6 35. Be7 Bf6 36. Bxf6 gxf6 37. Bc6 Kf8 38. Kf2 Ke7 39. Kf3
Rd8 40. Rxd8 Kxd8 41. g4 Ke7 42. h4 h6 43. Kf4 Kd6 44. Be8 Ke7 45. Bc6 Kd6 46.
Bf3 Kc5 47. Be2 Bd7 48. e4 Kd6 49. Bc4 Be6 50. Bd3 Bd7 51. Be2 Be6 52. Bd3 Bd7
53. Bc4 Be6 54. Bxe6 Kxe6 55. h5 Kd6 56. e5+ fxe5+ 57. Kf5 e4 58. g5 e3 59.
gxh6 e2 60. h7 e1=Q 61. h8=Q 1/2-1/2

[Event "3. Wittelsbacher Weihnachts-Schach-Open"]
[Site "Kelheim"]
[Date "2014.12.27"]
[Round "2.36"]
[White "Brassat, Jürgen"]
[Black "Frei, Robert"]
[Result "1-0"]
[WhiteElo "1879"]
[BlackElo "1878"]
[PlyCount "69"]
[EventDate "2014.??.??"]
[WhiteTeam "SC Eulenspiegel Regensb."]
[BlackTeam "TSV Mindelheim"]

1. d4 Nf6 2. c4 e6 3. Nc3 Bb4 4. e3 O-O 5. Bd3 b6 6. Nge2 Bb7 7. O-O Re8 8. Qc2
g6 9. b3 Bf8 10. Bb2 d6 11. Rad1 Nbd7 12. Ng3 d5 13. e4 dxe4 14. Ncxe4 Bg7 15.
Rfe1 Qe7 16. c5 Nxe4 17. Nxe4 Bd5 18. Rc1 Nf6 19. Nc3 Red8 20. Nxd5 Nxd5 21.
Be4 b5 22. a3 a5 23. g3 c6 24. Rcd1 Ra7 25. f4 Qb7 26. Qf2 Qc8 27. Qg2 Rad7 28.
Bf3 Ne7 29. g4 Qc7 30. f5 exf5 31. gxf5 Bxd4+ 32. Bxd4 Rxd4 33. Rxd4 Rxd4 34.
f6 Qd8 35. fxe7 1-0

[Event "3. Wittelsbacher Weihnachts-Schach-Open"]
[Site "Kelheim"]
[Date "2014.12.27"]
[Round "2.37"]
[White "Doleschal, Johannes"]
[Black "Fröhlich, Manuel"]
[Result "1-0"]
[WhiteElo "2019"]
[BlackElo "1711"]
[PlyCount "75"]
[EventDate "2014.??.??"]
[WhiteTeam "TSV Kirchenlaibach"]
[BlackTeam "TSV Oberviechtach"]

1. d4 c5 2. d5 e6 3. c4 exd5 4. cxd5 Nf6 5. Nc3 d6 6. e4 Be7 7. Nf3 O-O 8. Be2
Bg4 9. O-O a6 10. a4 Nbd7 11. Nd2 Bxe2 12. Qxe2 Re8 13. f4 Bf8 14. b3 Rc8 15.
Bb2 Nb6 16. Qf3 Qd7 17. h3 h5 18. Rae1 g6 19. a5 Na8 20. Nc4 Bg7 21. e5 dxe5
22. fxe5 Nh7 23. Nd6 Rf8 24. Nxc8 Qxc8 25. Ne4 Qc7 26. Qc3 b6 27. axb6 Qxb6 28.
Nxc5 Rc8 29. Ba3 Bf8 30. d6 Ng5 31. Qe3 Nh7 32. Rc1 Re8 33. Qf4 Qa7 34. Kh1 g5
35. Qf5 Bg7 36. d7 Rf8 37. Ne4 Nb6 38. Bxf8 1-0

[Event "3. Wittelsbacher Weihnachts-Schach-Open"]
[Site "Kelheim"]
[Date "2014.12.27"]
[Round "2.38"]
[White "Braun, Kristin"]
[Black "Malzer, Werner"]
[Result "1/2-1/2"]
[WhiteElo "1765"]
[BlackElo "1906"]
[PlyCount "154"]
[EventDate "2014.??.??"]
[WhiteTeam "SC Forchheim"]
[BlackTeam "TSV Kirchenlaibach"]

1. c4 e6 2. Nc3 Nf6 3. Nf3 d5 4. d4 Be7 5. e3 O-O 6. Bd2 a6 7. cxd5 exd5 8. Bd3
Bg4 9. O-O Nbd7 10. Rc1 c6 11. a3 Bd6 12. Re1 Re8 13. h3 Bh5 14. e4 dxe4 15.
Nxe4 Nxe4 16. Rxe4 Rxe4 17. Bxe4 Nf6 18. Bd3 Qd7 19. Be3 Re8 20. Be2 Qe7 21.
Nh4 Bxe2 22. Qxe2 g6 23. Re1 Nd5 24. Nf3 Bf4 25. Ne5 Nxe3 26. fxe3 Bxe5 27.
dxe5 Qxe5 28. Qd2 Re6 29. Re2 Rd6 30. Qb4 Rd1+ 31. Kf2 Rd7 32. Qf4 Qe6 33. Qb8+
Kg7 34. Qf4 Rd5 35. g4 h5 36. Kg3 g5 37. Qb4 Qd7 38. Rf2 Re5 39. Qd4 Qe6 40.
Kg2 f6 41. Rf3 hxg4 42. hxg4 Re4 43. Qb6 Qxg4+ 44. Kf2 Qd7 45. Ke2 Re5 46. Qb4
c5 47. Qc3 b5 48. b3 Qd4 49. Qd2 Qxd2+ 50. Kxd2 Kg6 51. Kd3 f5 52. Rh3 Rd5+ 53.
Ke2 Rd6 54. Rh8 Rc6 55. Rg8+ Kh5 56. Kf3 c4 57. bxc4 bxc4 58. Rh8+ Kg6 59. Rg8+
Kf6 60. Rh8 Kg7 61. Rh5 c3 62. Rxg5+ Kf6 63. Rg1 Ke5 64. Rc1 c2 65. a4 Rc4 66.
a5 Rc3 67. Ke2 Ke4 68. Kd2 Rc5 69. Ke2 Rc3 70. Kd2 Rd3+ 71. Kxc2 Rxe3 72. Kd2
f4 73. Rc8 Ra3 74. Re8+ Kd5 75. Rf8 Ke4 76. Re8+ Kf3 77. Re5 Ra2+ 1/2-1/2

[Event "3. Wittelsbacher Weihnachts-Schach-Open"]
[Site "Kelheim"]
[Date "2014.12.27"]
[Round "2.39"]
[White "Link, Klaus"]
[Black "Obermeier, Johannes"]
[Result "1-0"]
[WhiteElo "1927"]
[BlackElo "1613"]
[PlyCount "49"]
[EventDate "2014.??.??"]
[WhiteTeam "SK Klingenberg"]
[BlackTeam "SK Kelheim"]

1. e4 e5 2. Nf3 Nc6 3. d4 exd4 4. Nxd4 Bc5 5. Be3 Qf6 6. c3 d6 7. g3 Nge7 8.
Bg2 Ne5 9. Qe2 O-O 10. Nd2 Ng4 11. Nc2 Nxe3 12. Nxe3 Be6 13. O-O Rad8 14. Kh1
d5 15. f4 d4 16. e5 Qh6 17. Ng4 Bxg4 18. Qxg4 dxc3 19. Ne4 cxb2 20. Rab1 Bd4
21. Ng5 Nd5 22. Bxd5 Rxd5 23. e6 Rxg5 24. fxg5 Qxe6 25. Qxd4 1-0

[Event "3. Wittelsbacher Weihnachts-Schach-Open"]
[Site "Kelheim"]
[Date "2014.12.27"]
[Round "2.40"]
[White "Bodenschatz, Josef"]
[Black "Stutz, Robert"]
[Result "1-0"]
[WhiteElo "1999"]
[BlackElo "1816"]
[PlyCount "34"]
[EventDate "2014.??.??"]
[WhiteTeam "TSV Kirchenlaibach"]
[BlackTeam "TSV Grossmehring"]

1. e4 e6 2. c4 c5 3. Nc3 Nc6 4. f4 g6 5. Nf3 Bg7 6. d3 d6 7. g3 a6 8. Bg2 Nge7
9. O-O O-O 10. Be3 Nd4 11. Rb1 Nec6 12. Ne2 e5 13. fxe5 dxe5 14. Nc3 Qd6 15.
Nd5 Nb4 16. Nxb4 cxb4 17. Bg5 Nxf3+ 1-0

[Event "3. Wittelsbacher Weihnachts-Schach-Open"]
[Site "Kelheim"]
[Date "2014.12.27"]
[Round "2.41"]
[White "Klimpel, Siegfried"]
[Black "Schmitz, Bj?rn"]
[Result "0-1"]
[WhiteElo "1836"]
[BlackElo "1851"]
[PlyCount "64"]
[EventDate "2014.??.??"]
[WhiteTeam "TSV Kareth-Lappersdorf"]
[BlackTeam "SV Saal/Donau"]

1. e4 g6 2. d4 Bg7 3. Nc3 d6 4. f4 a6 5. Be3 Nf6 6. Be2 O-O 7. Qd2 c6 8. O-O-O
Qc7 9. h3 b5 10. Bf3 Bb7 11. e5 Nd5 12. Nxd5 cxd5 13. h4 Nd7 14. h5 Rfc8 15.
hxg6 fxg6 16. Nh3 Nb6 17. Be2 Nc4 18. Bxc4 dxc4 19. Ng5 c3 20. bxc3 Qxc3 21.
Qxc3 Rxc3 22. Rd3 Rc4 23. Rd2 Rac8 24. Rh2 Rc3 25. Bf2 Bd5 26. Kb2 h6 27. Nf3
b4 28. Ne1 Ra3 29. Bh4 Rxa2+ 30. Kb1 b3 31. g3 b2 32. Nd3 Rb8 0-1

[Event "3. Wittelsbacher Weihnachts-Schach-Open"]
[Site "Kelheim"]
[Date "2014.12.27"]
[Round "2.42"]
[White "Bumes, Konrad"]
[Black "Gottschall, Ina"]
[Result "1-0"]
[WhiteElo "1848"]
[BlackElo "1773"]
[PlyCount "99"]
[EventDate "2014.??.??"]
[WhiteTeam "SC Haar"]
[BlackTeam "USV TU Dresden"]

1. d4 g6 2. c4 Bg7 3. Nc3 c5 4. d5 d6 5. e4 Nf6 6. Bd3 O-O 7. Nge2 Nbd7 8. f4
e6 9. O-O exd5 10. exd5 Qe7 11. Ng3 Re8 12. Bd2 Nb6 13. Re1 Qd8 14. h3 Rxe1+
15. Qxe1 Bd7 16. a4 a5 17. Nb5 Bxb5 18. axb5 Qe8 19. Rxa5 Qxe1+ 20. Bxe1 Rxa5
21. Bxa5 Nfd7 22. b3 f5 23. Ne2 Nc8 24. Kf2 Kf7 25. Bc3 Bxc3 26. Nxc3 b6 27.
Kf3 Kf6 28. g4 Ne7 29. Na2 h6 30. b4 fxg4+ 31. hxg4 g5 32. bxc5 Nxc5 33. Bc2
gxf4 34. Kxf4 Ng6+ 35. Bxg6 Kxg6 36. Nb4 Nb3 37. Nc2 Nc5 38. Nd4 Nd3+ 39. Ke4
Nc5+ 40. Kf3 h5 41. gxh5+ Kxh5 42. Nf5 Nb7 43. Ke4 Kg5 44. Ne7 Kf6 45. Nc8 Nc5+
46. Kd4 Nd7 47. Nxd6 Ke7 48. Ne4 Kd8 49. d6 Ke8 50. Kd5 1-0

[Event "3. Wittelsbacher Weihnachts-Schach-Open"]
[Site "Kelheim"]
[Date "2014.12.27"]
[Round "2.43"]
[White "Lutter, Maximilian"]
[Black "Häusler, Florian"]
[Result "1-0"]
[WhiteElo "1764"]
[BlackElo "1532"]
[PlyCount "41"]
[EventDate "2014.??.??"]
[WhiteTeam "SK Neumarkt"]
[BlackTeam "TSV Kareth-Lappersdorf"]

1. d4 Nf6 2. c4 g6 3. Nc3 d5 4. cxd5 Nxd5 5. e4 Nxc3 6. bxc3 Bg7 7. Qa4+ Nd7 8.
Nf3 O-O 9. Qa3 b6 10. Bg5 f6 11. Bc4+ Kh8 12. Bd5 fxg5 13. Bxa8 e5 14. O-O Rxf3
15. gxf3 Qf6 16. Qc1 exd4 17. cxd4 Qxd4 18. Qxc7 Be5 19. Qxc8+ Kg7 20. Rad1
Bxh2+ 21. Kg2 1-0

[Event "3. Wittelsbacher Weihnachts-Schach-Open"]
[Site "Kelheim"]
[Date "2014.12.27"]
[Round "2.44"]
[White "Broszeit, Peter"]
[Black "St?ckl, Patrick"]
[Result "0-1"]
[WhiteElo "2012"]
[BlackElo "1524"]
[PlyCount "64"]
[EventDate "2014.??.??"]
[WhiteTeam "SV Erkenschwick"]
[BlackTeam "TSV Dietfurt/Altm."]

1. e4 e5 2. Bc4 Nc6 3. Nf3 Bc5 4. b4 Bxb4 5. c3 Ba5 6. O-O Nf6 7. d4 Nxe4 8.
dxe5 O-O 9. Ba3 d6 10. Qe2 Nxc3 11. Qc2 Nxb1 12. Raxb1 Re8 13. exd6 cxd6 14.
Rfd1 Bc7 15. Rb5 Qf6 16. Ng5 Ne5 17. Qxh7+ Kf8 18. Qh5 Bf5 19. Bxf7 Nxf7 20.
Rxf5 Qxf5 21. Nh7+ Qxh7 22. Qxh7 Re6 23. g3 Rae8 24. Rd2 b5 25. Bb2 Ne5 26. Kg2
Bb6 27. f4 Rh6 28. Qf5+ Rf6 29. Qg5 Rg6 30. Qh5 Rh6 31. Qd1 Nc4 32. Rc2 Ne3+
0-1

[Event "3. Wittelsbacher Weihnachts-Schach-Open"]
[Site "Kelheim"]
[Date "2014.12.27"]
[Round "2.45"]
[White "Antczak, Lena"]
[Black "Heiler, Karl"]
[Result "0-1"]
[WhiteElo "1614"]
[BlackElo "1876"]
[PlyCount "44"]
[EventDate "2014.??.??"]
[WhiteTeam "SK Kelheim"]
[BlackTeam "TG Biberach"]

1. e4 d5 2. e5 c5 3. d4 Bf5 4. Nf3 e6 5. c3 Nc6 6. Be2 f6 7. exf6 Nxf6 8. O-O
Bd6 9. Nh4 O-O 10. Nxf5 exf5 11. dxc5 Bxc5 12. Bg5 Kh8 13. Qc2 Qd7 14. Bxf6
Rxf6 15. Nd2 Re8 16. Nb3 Bb6 17. Rad1 Ne5 18. Rd2 f4 19. Kh1 f3 20. Bxf3 Nxf3
21. gxf3 Qh3 22. Re2 Qxf1# 0-1

[Event "3. Wittelsbacher Weihnachts-Schach-Open"]
[Site "Kelheim"]
[Date "2014.12.27"]
[Round "2.46"]
[White "Hilburger, Johannes"]
[Black "M?hlich, Cornelius"]
[Result "1/2-1/2"]
[WhiteElo "1802"]
[BlackElo "1427"]
[PlyCount "69"]
[EventDate "2014.??.??"]
[WhiteTeam "TSV Oberviechtach"]
[BlackTeam "SK Kelheim"]

1. e4 c6 2. d4 d5 3. exd5 cxd5 4. Bd3 Nc6 5. c3 Nf6 6. Nf3 Bg4 7. h3 Bh5 8. O-O
e6 9. Bf4 Bd6 10. Bxd6 Qxd6 11. Nbd2 O-O 12. Qb3 a6 13. Rfe1 b5 14. Ne5 Rfc8
15. a3 Nd7 16. f4 Nb6 17. g4 Bg6 18. Bxg6 hxg6 19. Ndf3 Nc4 20. Qc2 N6xe5 21.
Nxe5 a5 22. f5 gxf5 23. gxf5 Nxe5 24. Rxe5 b4 25. fxe6 fxe6 26. Qg6 bxc3 27.
Rh5 Qf4 28. Qxe6+ Qf7 29. Qxf7+ Kxf7 30. bxc3 Rxc3 31. Rxd5 Rxh3 32. Rd7+ Ke6
33. Rxg7 Rd3 34. Re1+ Kf6 35. Rb7 1/2-1/2

[Event "3. Wittelsbacher Weihnachts-Schach-Open"]
[Site "Kelheim"]
[Date "2014.12.27"]
[Round "2.47"]
[White "Weidenh?fer, Robert"]
[Black "Klarl, Wolfgang"]
[Result "0-1"]
[WhiteElo "1736"]
[BlackElo "1985"]
[PlyCount "88"]
[EventDate "2014.??.??"]
[WhiteTeam "SW N?rnberg S?d"]

1. b3 f5 2. Bb2 Nf6 3. Nf3 e6 4. g3 b6 5. Bg2 Bb7 6. c4 Be7 7. O-O O-O 8. d3
Qe8 9. Nbd2 Nc6 10. Qc2 Rb8 11. Qc3 Qh5 12. a3 Ne8 13. Qc2 Bf6 14. d4 Qf7 15.
Rad1 Qe7 16. e4 g6 17. Rfe1 Qg7 18. e5 Be7 19. d5 Na5 20. b4 Nxc4 21. Nxc4 Bxd5
22. Ne3 Be4 23. Qc1 Rd8 24. Rd2 Qh6 25. Red1 d5 26. Nd4 Bxg2 27. Nxe6 Bf3 28.
Nxd8 f4 29. Nxd5 Qh3 30. Nxe7+ Kg7 31. e6+ Kh6 32. Bg7+ Kh5 33. Rd5+ Rf5 34.
Rxf5+ gxf5 35. g4+ Kxg4 36. Qxf4+ Kxf4 37. Rd4+ Kg5 38. Nf7+ Kh5 39. Rh4+ Qxh4
40. Nxf5 Qh3 41. Ng3+ Kg6 42. Ne5+ Kxg7 43. Nxf3 Qxe6 44. Nh5+ Kg8 0-1

[Event "3. Wittelsbacher Weihnachts-Schach-Open"]
[Site "Kelheim"]
[Date "2014.12.27"]
[Round "2.48"]
[White "Bergmayr Karl"]
[Black "Voith, Walter"]
[Result "1-0"]
[WhiteElo "1874"]
[BlackElo "1650"]
[PlyCount "73"]
[EventDate "2014.??.??"]
[WhiteTeam "ASK St. Valentin"]
[BlackTeam "TSV Oberviechtach"]

1. c4 c6 2. d4 d5 3. cxd5 cxd5 4. Nc3 Nf6 5. g3 Nc6 6. Bg2 Bf5 7. Nf3 e6 8. O-O
h6 9. Re1 Be7 10. Nh4 Bh7 11. Nf3 O-O 12. b3 Qa5 13. Bb2 Rfc8 14. a3 Qd8 15. e3
a6 16. Qe2 b5 17. Rec1 Rc7 18. Nd2 Rac8 19. b4 Nb8 20. Nb3 Nbd7 21. Nc5 Rc6 22.
Bf1 Nxc5 23. dxc5 Ne4 24. Nxe4 Bxe4 25. f3 Bg6 26. Rd1 Bf6 27. Bg2 e5 28. Rd2
Bf5 29. e4 Be6 30. exd5 Bxd5 31. Rad1 Rxc5 32. bxc5 Rxc5 33. Bxe5 Bxe5 34. Qxe5
Qb6 35. Kh1 Bxf3 36. Qe8+ Kh7 37. Bxf3 1-0

[Event "3. Wittelsbacher Weihnachts-Schach-Open"]
[Site "Kelheim"]
[Date "2014.12.27"]
[Round "2.49"]
[White "Pfenning, Uwe"]
[Black "Haxhija, Florim"]
[Result "1-0"]
[WhiteElo "1804"]
[BlackElo "911"]
[PlyCount "81"]
[EventDate "2014.??.??"]
[WhiteTeam "SG Ludwigsburg"]
[BlackTeam "SK Kelheim"]

1. e4 e5 2. Nf3 Nc6 3. Bc4 Nf6 4. Nc3 Bc5 5. O-O d6 6. d3 O-O 7. h3 Re8 8. Bg5
Qe7 9. Nd5 Qd7 10. Bxf6 b6 11. c3 Nd8 12. Bh4 Re6 13. b4 b5 14. Bb3 Bb6 15.
Nxb6 axb6 16. Bxe6 Qxe6 17. Bxd8 f6 18. Bxc7 Ra6 19. Qb3 Ra7 20. Bxb6 Ra8 21.
Qxe6+ Bxe6 22. Ba5 Rc8 23. Rfc1 f5 24. Nd2 fxe4 25. Nxe4 Rc6 26. a4 bxa4 27.
Rxa4 Bd7 28. Raa1 Bf5 29. b5 Rc8 30. Nxd6 Rf8 31. Nxf5 Rxf5 32. b6 Rf7 33. Bb4
Rb7 34. Ra8+ Kf7 35. Ra7 Rxa7 36. bxa7 e4 37. a8=Q Kg6 38. Qc6+ Kh5 39. Be7 g5
40. g4+ Kh4 41. Qh6# 1-0

[Event "3. Wittelsbacher Weihnachts-Schach-Open"]
[Site "Kelheim"]
[Date "2014.12.27"]
[Round "2.50"]
[White "Alsheimer, Lea"]
[Black "Meul, Willi"]
[Result "1-0"]
[WhiteElo "1616"]
[BlackElo "1885"]
[PlyCount "114"]
[EventDate "2014.??.??"]
[WhiteTeam "SC Bechhofen"]
[BlackTeam "SV H?rth-Berrenrath"]

1. b3 d5 2. Bb2 c5 3. d4 cxd4 4. Bxd4 Nc6 5. Bb2 e6 6. Nf3 Nf6 7. e3 a6 8. Bd3
Be7 9. O-O Nb4 10. Be2 Bd7 11. a3 Nc6 12. Nbd2 O-O 13. Bd3 Qc7 14. Qe2 e5 15.
e4 dxe4 16. Nxe4 Nxe4 17. Qxe4 g6 18. Bxe5 Nxe5 19. Qxe5 Bd6 20. Qd4 Bc6 21.
Be4 Bxe4 22. Qxe4 Rfe8 23. Qc4 Qxc4 24. bxc4 Rac8 25. Rfd1 Bc5 26. Rd2 Re4 27.
g3 Rxc4 28. Ne5 Rc3 29. a4 Ba7 30. Ra2 R8c7 31. Kf1 f6 32. Nd3 R3c4 33. Ke1 Bd4
34. Kd1 Bc3 35. Re2 h5 36. Ra3 Kf7 37. f4 a5 38. Ra2 R7c6 39. Ra3 Rd6 40. Kc1
Rb6 41. Rb3 Bb4 42. Kb2 Bc3+ 43. Kc1 Bb4 44. Kb2 Rbc6 45. Nxb4 axb4 46. Rbe3
Rc7 47. Kb3 b6 48. Re7+ Rxe7 49. Rxe7+ Kxe7 50. Kxc4 Kd6 51. Kxb4 Kc6 52. h4
Kc7 53. Kb5 Kb7 54. c3 Kc7 55. c4 Kb7 56. c5 bxc5 57. Kxc5 Kc7 1-0

[Event "3. Wittelsbacher Weihnachts-Schach-Open"]
[Site "Kelheim"]
[Date "2014.12.27"]
[Round "2.51"]
[White "Meyer, Nico"]
[Black "Meckel, Helmut"]
[Result "1-0"]
[WhiteElo "1386"]
[BlackElo "1828"]
[PlyCount "121"]
[EventDate "2014.??.??"]
[WhiteTeam "SC Bechhofen"]
[BlackTeam "SG Solingen"]

1. e4 e6 2. d4 d5 3. exd5 exd5 4. Bd3 Nf6 5. Ne2 Bd6 6. Bf4 Bg4 7. f3 Bh5 8. c3
Qe7 9. O-O Bxf4 10. Re1 Be3+ 11. Kf1 O-O 12. Ng3 Bg6 13. Na3 Ng4 14. fxg4 Qg5
15. Nf5 Bxf5 16. Bxf5 Nc6 17. g3 g6 18. h4 Qf6 19. Rxe3 gxf5 20. Rf3 Ne7 21.
Qd3 Kh8 22. Nc2 Qg6 23. gxf5 Qg4 24. Kg2 Rae8 25. Rf4 Qh5 26. Ne3 c6 27. Ng4 f6
28. Re1 Ng8 29. Re3 Nh6 30. Rxe8 Rxe8 31. Nxf6 Qe2+ 32. Qxe2 Rxe2+ 33. Rf2
Rxf2+ 34. Kxf2 Nxf5 35. Nd7 Nd6 36. Nc5 b6 37. Ne6 Nc4 38. b3 Nd6 39. Nd8 Ne4+
40. Ke3 Nxg3 41. Nxc6 Nf5+ 42. Kf2 Nd6 43. Ke2 Ne4 44. Kd3 a6 45. Ne7 Nf6 46.
c4 dxc4+ 47. bxc4 Kg7 48. Nd5 Nd7 49. Ke4 Kg6 50. Nf4+ Kf6 51. Kd5 Kf5 52. Kc6
Nf6 53. Ne2 b5 54. cxb5 axb5 55. Kxb5 Kg4 56. a4 Kxh4 57. a5 Nd5 58. a6 Nc7+
59. Kb6 Nxa6 60. Kxa6 Kg4 61. Kb6 1-0

[Event "3. Wittelsbacher Weihnachts-Schach-Open"]
[Site "Kelheim"]
[Date "2014.12.27"]
[Round "2.53"]
[White "R?sch, Maximilian"]
[Black "Strasser, Josef"]
[Result "1/2-1/2"]
[WhiteElo "1660"]
[BlackElo "1874"]
[PlyCount "106"]
[EventDate "2014.??.??"]
[WhiteTeam "SK Kelheim"]
[BlackTeam "SU M?nchen"]

1. e4 d5 2. exd5 Nf6 3. Nc3 Nxd5 4. Nxd5 Qxd5 5. d4 Nc6 6. Be3 e5 7. dxe5 Qxe5
8. c3 Bc5 9. Nf3 Qe7 10. Qc1 O-O 11. Bb5 Ne5 12. Nxe5 Qxe5 13. Be2 Re8 14. O-O
Bxe3 15. Qxe3 Qxe3 16. fxe3 Rxe3 17. Rad1 Be6 18. Kf2 Re5 19. a3 Kf8 20. Rd2
Rd5 21. Rfd1 Rad8 22. Rxd5 Rxd5 23. Rxd5 Bxd5 24. g3 Ke7 25. Ke3 Kd6 26. Bd3
Ke5 27. Bc2 h6 28. h4 g5 29. hxg5 hxg5 30. Bd3 f5 31. Bc2 c5 32. Ba4 f4+ 33.
gxf4+ gxf4+ 34. Kf2 Be4 35. Bb3 b5 36. Bd1 Bd3 37. Bf3 Bc2 38. Be2 c4 39. Bf3
Be4 40. Bd1 Bd5 41. Bc2 Be4 42. Bd1 Kd5 43. Bg4 Kc5 44. Bf3 Bc2 45. Be2 Kb6 46.
Bf3 Ka5 47. Ke2 Ka4 48. Kd2 Kb3 49. Kc1 Bd3 50. Bd1+ Ka2 51. Bf3 Bf5 52. Bc6 a6
53. Bf3 Bd3 1/2-1/2

[Event "3. Wittelsbacher Weihnachts-Schach-Open"]
[Site "Kelheim"]
[Date "2014.12.27"]
[Round "2.54"]
[White "Gabler, Eric"]
[Black "Mosler, Ernst"]
[Result "1-0"]
[WhiteElo "1864"]
[BlackElo "1656"]
[PlyCount "61"]
[EventDate "2014.??.??"]
[WhiteTeam "TV Geiselh?ring"]
[BlackTeam "SV Wettstetten"]

1. d4 d5 2. Nf3 Nc6 3. c4 e5 4. dxe5 d4 5. g3 Nge7 6. Bg2 Ng6 7. O-O Ngxe5 8.
b3 Be7 9. Bb2 Bf6 10. Nxe5 Nxe5 11. Nd2 d3 12. exd3 Nf3+ 13. Nxf3 Bxb2 14. Qe2+
Be6 15. Qxb2 O-O 16. Nd4 c6 17. Nxe6 fxe6 18. d4 Qf6 19. Rad1 Rad8 20. Qd2 Rd7
21. Qe3 Rfd8 22. Rfe1 Rxd4 23. Rxd4 Rxd4 24. Qxe6+ Qxe6 25. Rxe6 Rd1+ 26. Bf1
Rd2 27. a4 Rb2 28. Re3 Kf7 29. c5 a5 30. Bc4+ Kf8 31. Rf3+ 1-0

[Event "3. Wittelsbacher Weihnachts-Schach-Open"]
[Site "Kelheim"]
[Date "2014.12.27"]
[Round "2.55"]
[White "Rangs, Uwe"]
[Black "Schmitz, Marc"]
[Result "1/2-1/2"]
[WhiteElo "1429"]
[BlackElo "1741"]
[PlyCount "52"]
[EventDate "2014.??.??"]
[WhiteTeam "SC Tarrasch M?nchen"]
[BlackTeam "SV Saal/Donau"]

1. e4 g6 2. d4 Bg7 3. Nc3 d6 4. Bc4 e6 5. Be3 c6 6. Qd2 Nd7 7. Nge2 d5 8. Bd3
dxe4 9. Nxe4 Ndf6 10. c3 Nxe4 11. Bxe4 Nf6 12. Bd3 Ng4 13. Bg5 Qa5 14. h3 h6
15. Bh4 Nf6 16. O-O Nh5 17. Ng3 Nxg3 18. Bxg3 O-O 19. Rfe1 Rd8 20. Qc2 c5 21.
dxc5 Qxc5 22. Kh1 e5 23. f4 exf4 24. Bxf4 Bd7 25. Rad1 Bc6 26. Be4 Re8 1/2-1/2